000 00502nam a2200181Ia 4500
005 20250317122908.0
008 008 250317s9999 xx 000 0 eng d
037 _aTextbook
040 _aFMSL
_beng
_cFMSL
041 _aeng
_2eng
084 _aB2817 N6
_qFMSL
100 _aYamane T
_9735402
245 0 _aElementary sampling theory
260 _aEnglewood
_bEnglewood, Cliffs P H India
_c1966
300 _a409p
942 _cTB
_hB2817 N6
999 _c1249068
_d1249068